| 000 | 01304cam a22002653a 4500 | ||
|---|---|---|---|
| 001 | 8599 | ||
| 003 | PGUSA | ||
| 005 | 20140828083202.0 | ||
| 008 | 050701s2005||||xxu|||||s|||||000 | eng d | ||
| 040 |
_aPGUSA _beng |
||
| 042 | _adc | ||
| 050 | 4 | _aPZ | |
| 100 | 1 | _aDixon, E. | |
| 245 | 1 | 0 |
_aFairy Tales from the Arabian Nights _h[electronic resource] / _cE. Dixon |
| 260 |
_bProject Gutenberg, _c2005 |
||
| 505 | 0 | _aThe King of Persia and the Princess of the Sea -- Prince Beder and the Princess Giauhara -- The three princes and Princess Nouronnihar -- Prince Ahmed and the fairy -- Prince Camaralzaman and the Princess of China -- The loss of the talisman -- The story of Zobeide -- The story of the king's son -- The first voyage of Sinbad the sailor -- The second voyage of Sinbad the sailor -- The third voyage of Sinbad the sailor -- The fourth voyage of Sinbad the sailor -- The fifth voyage of Sinbad the sailor -- The sixth voyage of Sinbad the sailor -- The seventh voyage of Sinbad the sailor. | |
| 506 | _aPublic domain in the USA. | ||
| 516 | _aElectronic text | ||
| 653 | _aTales -- Arab countries | ||
| 653 | _aArabs -- Folklore | ||
| 653 | _aFairy tales -- Arab countries | ||
| 830 | 0 |
_aProject Gutenberg _v8599 |
|
| 856 | 4 | 0 | _uhttp://www.gutenberg.org/ebooks/8599 |
| 942 | _cEB | ||
| 999 |
_c237899 _d237899 |
||